English Vocabulary ENG-FRA - Statistiques

Statistiques générales
  • Ce quiz a été pris 47 fois
  • Le résultat moyen est 25 sur 79
Statistiques - réponses
Hint Réponse % Correct
Activity
Activité
98%
Company Entreprise
79%
Develop Développer
76%
Service Service
74%
Service Service
74%
Team Équipe
69%
Responsibility Responsabilité
69%
Role Rôle
69%
Collect Collecter
62%
Create Créer
60%
Employ Employer
60%
Offer Offrir
60%
Technology Technologie
60%
Download Télécharger
60%
Job Emploi
57%
Logo Logo
52%
Sound Son
52%
Copy Copier
50%
Data Données
50%
Invent Inventer
50%
Security Sécurité
50%
Database Base de données
48%
Need Besoin
48%
Slogan Slogan
48%
Surveillance Surveillance
48%
Attract Attirer
43%
Advertising Publicité
43%
Behavior Comportement
40%
Promote Promouvoir
40%
Tool Outil
38%
Campaign Campagne
36%
Persuade Persuader
33%
Product Produit
33%
Annual
Annuel
31%
Know-how Savoir-faire
29%
Consumption Consommation
26%
Industrial espionage Espionnage industriel
26%
Brand image Image de marque
26%
Marketing Marketing
26%
Intellectual property Propriété intellectuelle
26%
Based in Basé à/en
24%
Fee Frais
24%
Update Mettre à jour
24%
Branding strategy Stratégie de marque
24%
Copyright Droit d’auteur
21%
Brand ambassador Ambassadeur de marque
19%
Manufacture Fabriquer
19%
Provide Fournir
19%
Brand identity Identité de marque
19%
Geographical indication Indication géographique
19%
Purpose Objectif
19%
Patent Brevet
17%
IT Informatique
17%
Channel Canal
14%
Conduct research Mener une recherche
14%
Browse Naviguer
14%
Competitor Concurrent
12%
Break a rule Enfreindre une règle
12%
Market leader Leader du marché
12%
Target audience Public cible
10%
Store Stocker
10%
Convey a message Transmettre un message
10%
Bend a rule Assouplir une règle
7%
Draw attention to Attirer l’attention sur
7%
Feature Caractéristique
7%
Design Concevoir
7%
Industrial design Dessin industriel
7%
Brand loyalty Fidélité à la marque
7%
Satisfy (customers) Satisfaire (les clients)
7%
Retailer Détaillant
5%
Trademark Marque déposée
5%
Premium brand Marque haut de gamme
5%
Brand awareness Notoriété de la marque
5%
Market share Part de marché
5%
Stick to somebody's memory Rester dans la mémoire de quelqu’un
5%
Enter Saisir
5%
Upload Téléverser
5%
Customer awareness Connaissance client
2%
Product line Gamme de produits
2%
Aucun quiz correspondant
Distribution des résultats
% des personnes avec chaque résultat
Percentile par nombre de réponses
Votre historique - résultats
Vous n’avez pas pris ce quiz